Cómo evitar filtraciones en estanques y represas

Đã lưu trong:
Chi tiết về thư mục
Tác giả chính: Renfro, George
Định dạng: Sách
Ngôn ngữ:Spanish
Được phát hành: México : Centro Regional de Ayuda Técnica 1973
Những chủ đề:
Các nhãn: Thêm thẻ
Không có thẻ, Là người đầu tiên thẻ bản ghi này!

MARC

LEADER 00000nam a2200000Ia 4500
003 001857
005 20221231143952.0
008 140114s1973 mx a 000 ||spa d
040 |c cru CEDI 
082 |a 628.13 R422c 
100 |a Renfro, George  |9 20871 
245 |a Cómo evitar filtraciones en estanques y represas 
260 |a México : Centro Regional de Ayuda Técnica  |c 1973 
300 |a 8 páginas ; ilustraciones  
500 |a Título original: Sealing leaking ponds and resorvoirs  
650 |x DEPOSITOS PARA AGUA - DISEÑO Y CONSTRUCCION  |9 20872 
942 |2 ddc  |c BK 
999 |c 14950  |d 14950